|
|
|
|
| LEADER |
01853cam a2200457Ii 4500 |
| 001 |
34458 |
| 003 |
BD-DhAAL |
| 005 |
20190401093603.0 |
| 008 |
190401t20182018enk b 001 0 eng d |
| 999 |
|
|
|c 40595
|d 40595
|
| 020 |
|
|
|a 9781138830882
|
| 020 |
|
|
|a 1138830887
|
| 035 |
|
|
|a (OCoLC)1011592291
|
| 035 |
|
|
|a 10225999
|
| 040 |
|
|
|a A7U
|b eng
|e rda
|c A7U
|d A7U
|d YDXCP
|d BTCTA
|d CDX
|d UAB
|d OCLCF
|d BD-DhAAL
|
| 043 |
|
|
|a ma-----
|a f-ua---
|a f-ae---
|a a-le---
|a a-is---
|
| 050 |
|
4 |
|a PJ7519
|b .M66 2018
|
| 050 |
|
4 |
|a PJ7538
|b .M63 2018
|
| 082 |
0 |
4 |
|a 892.7093581
|2 23
|
| 100 |
1 |
|
|a Moore, Lindsey
|9 30916
|
| 245 |
1 |
0 |
|a Narrating postcolonial Arab nations :
|b Egypt, Algeria, Lebanon, Palestine /
|c Lindsey Moore.
|
| 260 |
|
|
|a New York :
|b Routledge/Taylor & Francis Group,
|c c2018.
|
| 300 |
|
|
|a vi, 241 pages ;
|c 24 cm.
|
| 490 |
1 |
|
|a Routledge research in postcolonial literatures ;
|v 59
|
| 504 |
|
|
|a Includes bibliographical references (pages 213-230) and index.
|
| 526 |
|
|
|a ENH
|
| 541 |
|
|
|a Parama
|e 34458
|
| 648 |
|
7 |
|a 2000-2099
|2 fast
|9 30917
|
| 650 |
|
0 |
|a Postcolonialism in literature.
|9 30918
|
| 650 |
|
0 |
|a Postcolonialism
|z Arab countries.
|9 30919
|
| 650 |
|
0 |
|a Colonies in literature.
|9 30920
|
| 650 |
|
0 |
|a Arabic literature
|y 21st century
|x History and criticism.
|9 30921
|
| 650 |
|
7 |
|a Arabic literature.
|2 fast
|9 30922
|
| 650 |
|
7 |
|a Colonies in literature.
|2 fast
|9 30920
|
| 650 |
|
7 |
|a Postcolonialism.
|2 fast
|9 30923
|
| 650 |
|
7 |
|a Postcolonialism in literature.
|2 fast
|9 30918
|
| 651 |
|
7 |
|a Arab countries.
|2 fast
|9 30924
|
| 830 |
|
0 |
|a Routledge research in postcolonial literatures ;
|v 59.
|9 30925
|
| 852 |
|
|
|a Ayesha Abed Library
|c General Stacks
|
| 942 |
|
|
|2 ddc
|c BK
|
| 952 |
|
|
|0 0
|1 0
|2 ddc
|4 0
|6 892_709358100000000_MOO
|7 0
|9 65216
|a BRACUL
|b BRACUL
|c GEN
|d 2019-02-26
|e Parama
|g 7455.00
|l 0
|o 892.7093581 MOO
|p 3010034458
|r 2019-02-26
|t 1
|v 7455.00
|w 2019-02-26
|y BK
|